UBT Library

PERTEJ DHIMBJES DREJT GUXIMIT (Record no. 60628)

000 -LEADER
fixed length control field 00331nam a22001457a 4500
008 - FIXED-LENGTH DATA ELEMENTS--GENERAL INFORMATION
fixed length control field 240530b ||||| |||| 00| 0 eng d
020 ## - INTERNATIONAL STANDARD BOOK NUMBER
International Standard Book Number 9789951775069
041 ## - LANGUAGE CODE
Language code of text/sound track or separate title SHQIP
080 ## - UNIVERSAL DECIMAL CLASSIFICATION NUMBER
Edition identifier 2021
Universal Decimal Classification number 159.9
082 ## - DEWEY DECIMAL CLASSIFICATION NUMBER
Classification number 159.9QKRMT
100 ## - Rafti
Rafti 25
101 ## - Shkurtesa
Shkurtesa PSI
245 ## - TITLE STATEMENT
Title PERTEJ DHIMBJES DREJT GUXIMIT
Statement of responsibility, etc QKRMT
942 ## - ADDED ENTRY ELEMENTS (KOHA)
Source of classification or shelving scheme
Item type Books
Holdings
Withdrawn status Lost status Source of classification or shelving scheme Damaged status Not for loan Collection code Permanent location Current location Date acquired Total Checkouts Full call number Barcode Date last seen Price effective from Koha item type
          Koleksioni i përgjithshem UBT - Lipjan UBT - Lipjan 05/30/2024   159.9QKRMT 002-800070684 05/30/2024 05/30/2024 Books
          Koleksioni i përgjithshem UBT - Lipjan UBT - Lipjan 05/30/2024   159.9QKRMT 002-800070685 05/30/2024 05/30/2024 Books
          Koleksioni i përgjithshem UBT - Lipjan UBT - Lipjan 05/30/2024   159.9QKRMT 002-800070686 05/30/2024 05/30/2024 Books
          Koleksioni i përgjithshem UBT - Lipjan UBT - Lipjan 05/30/2024   159.9QKRMT 002-800070687 05/30/2024 05/30/2024 Books
UBT Library © 2015-2024. All rights reserved University Education for Business and Technology